| 000 | 00378nam a22001577a 4500 | ||
|---|---|---|---|
| 999 |
_c523613 _d523613 |
||
| 003 | NUST | ||
| 020 | _a0523420412 | ||
| 038 | _awaseem | ||
| 082 |
_a823.914 _bGIL |
||
| 100 |
_aGilman, George G. _914344 |
||
| 245 |
_aEdge Arapaho Revenge / _cGeorge G. Gilman |
||
| 260 |
_aNew York : _bPinnacle Books, _c1983. |
||
| 300 | _a184 p. ; | ||
| 500 | _aPaperback. | ||
| 942 |
_2ddc _cBK |
||